LDR 00829naa#a2200181#i#450# 001 EN\\bibl\120521 005 20260417165408.5 011 ## _a2073-5537 100 ## _a20260416b2026####ek#y0engy0150####ca 102 ## _aRU 200 1# _aA conceptual approach to defining criteria for identifying priority areas of scientific and technological development in the economy _eJournal article 210 1# _aAstrakhan _cAstrakhan State Technical University _d2026 215 ## _a7 с. 608 ## _aJournal article _2local 675 ## _aДинамика народного хозяйства. Экономическое развитие. 330.3 _aРегиональная экономика. Территориальная экономика. 332.1 _z 700 #1 _aDeviatkov _gAlexander Valerievich 700 #1 _aErygin _gYuri Vladimirovich 856 4# _avestnik.astu.org _u